000 00696nam a22002057a 4500
005 20250910122045.0
008 250910b |||||||| |||| 00| 0 eng d
037 _cTB
040 _aCL
_cCL
041 _2Hin
_aHindi
084 _aO152,1x N6
100 _aविक्रम सिहं
_9820971
245 _aप्रिंटिग मिस्टेक
_b: कविता सग्रह
260 _aभारत, आगरा
_bसाहित्य भवन
_c1996
300 _a96
365 _b60
_cINr
700 _aविक्रम सिहं
_e।नण्
_9820971
942 _2CC
_cTB
_hO152,1x N6
_n0
999 _c1435296
_d1435296